| 000 | 00438nam a2200169Ia 4500 | ||
|---|---|---|---|
| 008 | 210707s1980 xx 000 0 und d | ||
| 041 | _aeng | ||
| 082 | _a331 NARP | ||
| 100 | _aNARAYANA (D L) & Others. Ed | ||
| 245 | _aPlanning for employment. | ||
| 260 |
_aND _bSterling Publishers Pvt Ltd _c1980 |
||
| 300 | _ax,325 p | ||
| 365 |
_b100 _cINR |
||
| 563 | _aHB | ||
| 650 | _aLabour Economics | ||
| 906 | _aEmployment in India_x000D_ | ||
| 999 |
_c180053 _d180053 |
||